Statystyki dla Miasta w województwie podlaskim

Kliknij tutaj aby rozwiązać quiz!

Ogólne statystyki

  • Ten quiz został rozwiązany 2 642 razy
  • Średni wynik to 21 z 40

Statystyki odpowiedzi

MiastoLiczba ludności% Poprawnych
Białystok296 310
100%
Suwałki69 543
93%
Łomża62 716
91%
Augustów30 394
85%
Hajnówka21 185
77%
Bielsk Podlaski25 938
76%
Zambrów22 219
72%
Grajewo22 181
70%
Sokółka18 510
69%
Mońki10 145
66%
Sejny5 554
64%
Siemiatycze14 652
64%
Łapy15 786
60%
Wysokie Mazowieckie9 427
58%
Kolno10 464
54%
Czarna Białostocka9 511
50%
Supraśl4 643
49%
Wasilków10 781
49%
Choroszcz5 818
48%
Dąbrowa Białostocka5 697
48%
Tykocin2 002
47%
Knyszyn2 844
40%
Ciechanowiec4 753
38%
Drohiczyn2 055
38%
Brańsk3 800
37%
Krynki2 470
37%
Rajgród1 609
37%
Suchowola2 222
37%
Michałowo3 107
36%
Jedwabne1 653
35%
Kleszczele1 308
35%
Lipsk2 411
35%
Suraż988
35%
Szczuczyn3 442
34%
Szepietowo2 254
34%
Zabłudów2 497
34%
Czyżew2 639
33%
Nowogród2 171
32%
Goniądz1 862
31%
Stawiski2 303
28%

Rozkład punktacji

Percentyl według liczby udzielonych odpowiedzi

Procent ludzi z każdym wynikiem

Twoja historia wyników

Nie rozwiązałeś tego quizu